000 00294 a2200133 4500
001 157225
040 _cEscola São Tomás de Aquino
100 _aAZEVEDO, Aluísio
240 1 0 _aO cortiço
_lpor
245 1 0 _aO cortiço
300 _a162 p.
697 _aLITERATURA BRASILEIRA
942 _cBK
999 _c157225
_d157225